000
00321nam a2200145Ia 4500
008
221030s9999 xx 000 0 und d
041
_a
English
082
_a
105.23
100
_a
G. R. Nagpal
245
0
_a
Machine Drawing
260
_b
Khanna Pub.
_a
Delhi
_c
2006
300
_a
411
650
_a
Mechanical
942
_c
BK
999
_c
5840
_d
5840